| Tag |
First Indicator |
Second Indicator |
Subfields |
| LEADER |
00000cam a2200000 a 4500 |
| 001 |
in00005504713 |
| 006 |
m o d |
| 007 |
cr ||||||||||| |
| 008 |
090202s1963 dcu ob 100 0 eng d |
| 005 |
20241009195739.2 |
| 035 |
|
|
|a (OCoLC)ocn301319807
|
| 040 |
|
|
|a OCLCE
|b eng
|e pn
|c OCLCE
|d MUU
|d OCLCQ
|d COO
|d OCLCQ
|d OCLCO
|d OCLCQ
|d OCLCF
|d ACY
|d OCLCQ
|d OCLCA
|d YOU
|d CASSC
|d OCLCA
|d MERER
|d OCLCO
|d CUY
|d OCLCQ
|d OCLCO
|d OCLCA
|d INARC
|d OCLCO
|d OCLCQ
|d OCLCO
|d UIU
|d OCLCQ
|
| 019 |
|
|
|a 1078357793
|
| 020 |
|
|
|a 9780841222090
|
| 020 |
|
|
|a 0841222096
|
| 020 |
|
|
|a 0841200424
|q (Trade Paper)
|
| 020 |
|
|
|a 9780841200425
|q (Trade Paper)
|
| 020 |
|
|
|z 9780841200425
|
| 035 |
|
|
|a (OCoLC)301319807
|z (OCoLC)1078357793
|
| 050 |
|
4 |
|a QD1
|b .A355 no. 41b
|
| 050 |
|
4 |
|a SB951.5
|b N4b
|
| 060 |
|
4 |
|a SB 951.5
|b N532 1963
|
| 072 |
|
7 |
|a TEC
|x 058000
|2 bisacsh
|
| 072 |
|
7 |
|a SCI
|x 007000
|2 bisacsh
|
| 082 |
0 |
4 |
|a 632/.9517
|2 23
|
| 084 |
|
|
|a TEC058000
|a SCI007000
|2 bisacsh
|
| 049 |
|
|
|a TXAM
|
| 245 |
0 |
0 |
|a New approaches to pest control and eradication :
|b a symposium sponsored by the Pesticides Subdivision of the Division of Agricultural and Food Chemistry at the 142nd meeting of the American Chemical Society, Atlantic City, N.J., September 11, 1962 /
|c Stanley A. Hall, symposium chairman.
|
| 246 |
3 |
|
|a Pest control and eradication
|
| 260 |
|
|
|a Washington, D.C. :
|b American Chemical Society,
|c 1963.
|
| 300 |
|
|
|a 1 online resource (xi, 74 pages)
|
| 336 |
|
|
|a text
|b txt
|2 rdacontent
|
| 337 |
|
|
|a computer
|b c
|2 rdamedia
|
| 338 |
|
|
|a online resource
|b cr
|2 rdacarrier
|
| 490 |
1 |
|
|a Advances in chemistry series ;
|v 41
|
| 504 |
|
|
|a Includes bibliographical references.
|
| 505 |
0 |
0 |
|t Recent Progress in the Chemistry of Insect Sex Attractants /
|r JACOBSON, MARTIN --
|t Synthetic Chemicals as Insect Attractants /
|r BEROZA, MORTON; GREEN, NATHAN --
|t The Male Annihilation Technique in the Control of Fruit Flies /
|r CHRISTENSON, L. D. --
|t Chemosterilants as a Potential Weapon for Insect Control /
|r SMITH, CARROLL N. --
|t Chemosterilants for the Control of Houseflies /
|r LaBRECQUE, GERMAIN C. --
|t Aziridine Chemosterilants: Sulfur-Containing Aziridines /
|r BORKOVEC, A. B.; WOODS, C. W. / --
|t Antifeeding Compounds for Insect Control /
|r WRIGHT, DONALD P. --
|t The Status of Bacillus thuringiensis /
|r HEIMPEL, A. M.
|
| 650 |
|
0 |
|a Insecticides.
|
| 650 |
|
0 |
|a Insect pests
|x Control.
|
| 650 |
1 |
2 |
|a Insecticides
|
| 650 |
|
2 |
|a Sex Attractants
|x chemistry
|
| 650 |
|
2 |
|a Pheromones
|x chemistry
|
| 650 |
|
2 |
|a Drosophila
|x chemistry
|
| 650 |
|
2 |
|a Chemosterilants
|x chemistry
|
| 650 |
|
2 |
|a Houseflies
|x chemistry
|
| 650 |
|
2 |
|a Aziridines
|x chemistry
|
| 650 |
|
2 |
|a Bacillus thuringiensis
|x chemistry
|
| 650 |
|
2 |
|a Insect Control
|
| 650 |
|
6 |
|a Insecticides.
|
| 650 |
|
6 |
|a Insectes nuisibles
|x Lutte contre.
|
| 650 |
|
7 |
|a insecticide.
|2 aat
|
| 650 |
|
7 |
|a TECHNOLOGY & ENGINEERING
|x Pest Control.
|2 bisacsh
|
| 650 |
|
7 |
|a SCIENCE
|x Life Sciences
|x Biochemistry.
|2 bisacsh
|
| 650 |
|
7 |
|a Insect pests
|x Control
|2 fast
|
| 650 |
|
7 |
|a Insecticides
|2 fast
|
| 655 |
|
7 |
|a Electronic books.
|2 local
|
| 700 |
1 |
|
|a Hall, Stanley A.
|q (Stanley Appleton),
|d 1907-
|
| 710 |
2 |
|
|a American Chemical Society.
|b Division of Agricultural and Food Chemistry.
|b Pesticides Subdivision.
|
| 710 |
2 |
|
|a American Chemical Society.
|b Meeting
|n (142nd :
|d 1962 :
|c Atlantic City, N.J.)
|
| 776 |
0 |
8 |
|i Print version:
|t New approaches to pest control and eradication.
|d Washington, D.C. : American Chemical Society, 1963
|w (DLC) 63019396
|w (OCoLC)242751
|
| 830 |
|
0 |
|a Advances in chemistry series ;
|v 41.
|
| 856 |
4 |
0 |
|u http://proxy.library.tamu.edu/login?url=https://pubs.acs.org/doi/book/10.1021/ba-1963-0041
|z Connect to the full text of this electronic book
|t 0
|
| 955 |
|
|
|a ASC eBooks Complete Collection
|
| 994 |
|
|
|a 92
|b TXA
|
| 999 |
f |
f |
|s 1705c79f-decb-4c10-8cc6-e7523301db82
|i eb6ee5c2-7d1e-4f0b-adbb-68664d9e687b
|t 0
|
| 952 |
f |
f |
|a Texas A&M University
|b College Station
|c Electronic Resources
|d Available Online
|t 0
|e QD1SB951.5 .A355 no. 41bN4b
|h Library of Congress classification
|
| 998 |
f |
f |
|a QD1SB951.5 .A355 no. 41bN4b
|t 0
|l Available Online
|